| 000 | 00453nam a2200157Ia 4500 | ||
|---|---|---|---|
| 008 | 210716s2007 xx 000 0 und d | ||
| 020 | _a9788189866426 | ||
| 041 | _aeng | ||
| 082 | _a003 NAIN | ||
| 100 | _aNaidu, N V R;Babu K M;Rajendra G. | ||
| 245 |
_aOperations research: question bank. _bQuestion bank. |
||
| 250 | _a1 | ||
| 260 |
_aNew Delhi _bI K International Publishing House Pvt Ltd _c2007 |
||
| 300 | _a179 | ||
| 650 | _aOperations Research | ||
| 999 |
_c194155 _d194155 |
||